| 000 | 00672nam a2200253 a 4500 | ||
|---|---|---|---|
| 999 |
_c9951 _d9951 |
||
| 001 | 9951 | ||
| 003 | BD - JhCC | ||
| 005 | 20180404100155.0 | ||
| 008 | 180403s1987 enk 000 0 eng d | ||
| 020 | _a0330299379 | ||
| 035 | _a(BD-JhCC)9951 | ||
| 040 |
_aBD-JhCC _dBD-JhCC |
||
| 041 | _aeng | ||
| 082 |
_bBRO 1987 _a574 |
||
| 100 | 1 |
_aBrother H. Charles, _q(Nigel P. O.) |
|
| 245 | 1 | 0 |
_aBiology / _cCharles, Brother H. |
| 260 |
_aPan Books : _bLondon, _c1987. |
||
| 300 |
_a492 p. : _bill. ; _c25 cm |
||
| 500 | _aCover title: GCSE biology | ||
| 500 | _aA Pan original | ||
| 650 | 0 |
_aBiology _vExaminations, questions, etc. |
|
| 942 |
_2ddc _cREF |
||